Jidōsha gyōkai nyūmon /

Saved in:
Bibliographic Details
Corporate Author: Fujita Shoten. Henshūbu.
Format: eBook
Language:Japanese
Published: Tōkyō : Fujita Shoten, [1981?]
Series:Gyōkai nyūmon shirīzu ; 108
Subjects:
Tags: Add Tag
No Tags, Be the first to tag this record!
LEADER 01451nam a22003491a 4500
001 MIU01-000800983
003 MiU
005 19880808000000.0
006 m d |||||
007 cr bn ---auaua
008 880808s1981 ja 00000 jpn d
020 |c Y800 
035 |a (RLIN)MIUO85-B3771 
035 |a (CaOTULAS)160053566 
035 |a (OCoLC)23340739 
038 |a MiU 
040 |a MiU-A  |c MiU-A 
043 |a a-ja--- 
245 0 0 |6 880-01  |a Jidōsha gyōkai nyūmon /  |c [hencho Fujita Shoten Henshūbu]. 
260 0 |6 880-02  |a Tōkyō :  |b Fujita Shoten,  |c [1981?] 
300 |a 206 p. ;  |c 18 cm. 
440 0 |6 880-03  |a Gyōkai nyūmon shirīzu ;  |v 108 
490 0 |6 880-04  |a Fujita Shoten shinsho 
538 |a Mode of access: Internet. 
588 |a This bibliographic record is available under the Creative Commons CC0 public domain dedication. The University of Michigan Libraries, as creator of this bibliographic record, has waived all rights to it worldwide under copyright law, including all related and neighboring rights, to the extent allowed by law. 
650 0 |a Automobile industry and trade  |z Japan. 
710 2 0 |6 880-05  |a Fujita Shoten.  |b Henshūbu. 
880 0 0 |6 245-01/  |a 自動車業界入門 /  |c [編著藤田書店編集部]. 
880 0 |6 260-02/  |a 東京 :  |b 藤田書店,  |c [1981?] 
880 0 |6 440-03/  |a 業界入門シリーズ ;  |v 108 
880 0 |6 490-04/  |a 藤田書店新書 
880 2 0 |6 710-05/  |a 藤田書店.  |b 編集部.